[Event "EU-chT Seniors 12th"]
[Site "Dresden"]
[Date "2010.02.16"]
[Round "7"]
[White "Wademark, Helge"]
[Black "Maes, Valeer"]
[Result "1/2-1/2"]
[WhiteElo "2083"]
[BlackElo "2163"]
[PlyCount "29"]
[EventDate "2010.02.10"]
[EventType "team-swiss"]
[EventRounds "9"]
[EventCountry "GER"]
[SourceTitle "CBM 134 Extra"]
[Source "ChessBase"]
[SourceDate "2010.03.03"]
[SourceVersion "1"]
[SourceVersionDate "2010.03.03"]
[SourceQuality "1"]
[WhiteTeam "Sweden (Seniors) II"]
[BlackTeam "Belgium (Seniors)"]
[WhiteTeamCountry "SWE"]
[BlackTeamCountry "BEL"]

1. e4 d5 2. exd5 Qxd5 3. Nc3 Qd6 4. Nf3 Nf6 5. d4 c6 6. Be2 Bg4 7. 0-0 e6 8. Bg5 Nbd7 9. Qd2 Qc7 10. Rfe1 Be7 11. Rad1 0-0 12. h3 Bh5 13. Ne5 Bxe2 14. Qxe2 Nxe5 15. dxe5 1/2-1/2

[Event "EU-chT Seniors 12th"]
[Site "Dresden"]
[Date "2010.02.12"]
[Round "3"]
[White "Wademark, Helge"]
[Black "Westerman, Hendrik W"]
[Result "0-1"]
[WhiteElo "2083"]
[BlackElo "1909"]
[PlyCount "116"]
[EventDate "2010.02.10"]
[EventType "team-swiss"]
[EventRounds "9"]
[EventCountry "GER"]
[SourceTitle "CBM 134 Extra"]
[Source "ChessBase"]
[SourceDate "2010.03.03"]
[SourceVersion "1"]
[SourceVersionDate "2010.03.03"]
[SourceQuality "1"]
[WhiteTeam "Sweden (Seniors) II"]
[BlackTeam "Oranje (Seniors) II"]
[WhiteTeamCountry "SWE"]
[BlackTeamCountry "NED"]

1. e4 e6 2. d4 d5 3. Nd2 Nc6 4. c3 e5 5. exd5 Qxd5 6. dxe5 Nxe5 7. Qe2 Be7 8. Ngf3 Nxf3+ 9. Nxf3 Bg4 10. Qb5+ Qxb5 11. Bxb5+ c6 12. Be2 Nf6 13. Be3 0-0 14. h3 Bh5 15. 0-0 Nd5 16. Bd4 Nf4 17. Bd1 Rfe8 18. c4 c5 19. Be3 Bd6 20. Nh4 Be2 21. Nf5 Bc7 22. Bxf4 Bxf4 23. Bxe2 Rxe2 24. Rab1 g6 25. Ng3 Bxg3 26. fxg3 Rd8 27. Rf2 Rdd2 28. Rxe2 Rxe2 29. a3 Rc2 30. b3 Rc3 31. g4 Kg7 32. Kf2 Kf6 33. Rb2 b6 34. Ke2 Ke5 35. Kf2 Kf4 36. b4 Rxc4 37. bxc5 Rxc5 38. g3+ Ke5 39. a4 f5 40. gxf5 Kxf5 41. Rb4 Rc2+ 42. Kf3 Rc3+ 43. Kf2 Ra3 44. h4 h5 45. Rb5+ Kf6 46. Rb4 Ke6 47. g4 hxg4 48. Rxg4 Kf6 49. Ke2 a5 50. Kd2 Rh3 51. Ke2 Kg7 52. Kf2 Kh6 53. Kg2 Rb3 54. Rf4 Rb4 55. Kg3 Rxf4 56. Kxf4 Kh5 57. Kg3 g5 58. hxg5 Kxg5 0-1

[Event "EU-chT Seniors 12th"]
[Site "Dresden"]
[Date "2010.02.10"]
[Round "1"]
[White "Wademark, Helge"]
[Black "Haugvik, Borge"]
[Result "1-0"]
[WhiteElo "2083"]
[BlackElo "1752"]
[PlyCount "93"]
[EventDate "2010.02.10"]
[EventType "team-swiss"]
[EventRounds "9"]
[EventCountry "GER"]
[SourceTitle "CBM 134 Extra"]
[Source "ChessBase"]
[SourceDate "2010.03.03"]
[SourceVersion "1"]
[SourceVersionDate "2010.03.03"]
[SourceQuality "1"]
[WhiteTeam "Sweden (Seniors) II"]
[BlackTeam "Trondergutan (Seniors)"]
[WhiteTeamCountry "SWE"]
[BlackTeamCountry "NOR"]

1. e4 e5 2. Nf3 Nf6 3. Nc3 Nc6 4. Bb5 d6 5. d4 exd4 6. Nxd4 Bd7 7. 0-0 Be7 8. f4 0-0 9. Nxc6 Bxc6 10. Bxc6 bxc6 11. Qd3 Nd7 12. Be3 a5 13. Rad1 Nf6 14. Kh1 Qc8 15. Bd4 Qb7 16. b3 Rad8 17. Ne2 c5 18. Bxf6 Bxf6 19. Ng3 g6 20. a4 c6 21. Qf3 d5 22. exd5 cxd5 23. c4 Bd4 24. Ne2 Rb8 25. Nxd4 cxd4 26. cxd5 Qxb3 27. Qxb3 Rxb3 28. Rxd4 Rd8 29. g3 Rd6 30. Kg2 Kg7 31. Rf2 Rc3 32. Rb2 Rc5 33. Rb5 Rxb5 34. axb5 Kf6 35. Kf3 Ke7 36. Ra4 Rxd5 37. Rxa5 Rd7 38. b6 Ke6 39. Rb5 Rb7 40. Ke4 Kd6 41. Kd4 Kc6 42. Rb2 f6 43. Kc4 h5 44. h4 Rb8 45. b7 Kd6 46. Rb6+ Kc7 47. Kc5 1-0

[Event "EU-chT Seniors 11th"]
[Site "Velden"]
[Date "2009.04.06"]
[Round "2"]
[White "Wademark, Helge"]
[Black "Hicker, Harald"]
[Result "1-0"]
[WhiteElo "2102"]
[BlackElo "2108"]
[PlyCount "79"]
[EventDate "2009.04.05"]
[EventType "team-swiss"]
[EventRounds "9"]
[EventCountry "AUT"]
[SourceTitle "CBM 129 Extra"]
[Source "ChessBase"]
[SourceDate "2009.05.05"]
[SourceVersion "2"]
[SourceVersionDate "2009.05.20"]
[SourceQuality "1"]

1. e4 e5 2. Nf3 Nc6 3. Bc4 Be7 4. c3 Nf6 5. d3 0-0 6. 0-0 d6 7. h3 Na5 8. Bb5 a6 9. Ba4 b5 10. Bc2 c5 11. Be3 Qc7 12. Nbd2 Bb7 13. d4 Nc6 14. d5 Nd8 15. Nh2 Bc8 16. a4 Rb8 17. axb5 axb5 18. f4 exf4 19. Bxf4 Re8 20. c4 g6 21. cxb5 Nh5 22. Nc4 Nxf4 23. Rxf4 Bd7 24. b6 Qc8 25. Ng4 Bb5 26. Ba4 Qd7 27. Qb3 Bxa4 28. Rxa4 Rf8 29. Ra7 Rb7 30. Ra8 h5 31. Nf6+ Bxf6 32. Rxf6 Qe7 33. Rxd6 Rd7 34. Rxd7 Qxd7 35. Ra7 Nb7 36. Qg3 Qb5 37. b3 Nd8 38. e5 h4 39. Qc3 Qe8 40. e6 1-0

[Event "EU-chT Seniors 11th"]
[Site "Velden"]
[Date "2009.04.05"]
[Round "1"]
[White "Donchenko, Anatoly G"]
[Black "Wademark, Helge"]
[Result "1-0"]
[WhiteElo "2378"]
[BlackElo "2102"]
[PlyCount "59"]
[EventDate "2009.04.05"]
[EventType "team-swiss"]
[EventRounds "9"]
[EventCountry "AUT"]
[SourceTitle "CBM 129 Extra"]
[Source "ChessBase"]
[SourceDate "2009.05.05"]
[SourceVersion "2"]
[SourceVersionDate "2009.05.20"]
[SourceQuality "1"]

1. d4 d5 2. Nf3 Nf6 3. c4 c6 4. Qc2 e6 5. g3 Nbd7 6. Bg2 Be7 7. Nbd2 0-0 8. 0-0 Re8 9. b3 b6 10. e4 dxe4 11. Nxe4 Bb7 12. Bb2 Qc7 13. Rad1 Rad8 14. Nxf6+ Bxf6 15. Rfe1 Nf8 16. c5 Ng6 17. b4 Ne7 18. a3 Nd5 19. Nd2 bxc5 20. dxc5 Be7 21. Be5 Qd7 22. Ne4 a5 23. Qb2 f6 24. Bd6 axb4 25. axb4 e5 26. Bxe7 Rxe7 27. Nd6 Rb8 28. b5 Qc7 29. bxc6 Bxc6 30. Qa2 1-0

[Event "Monarch Assurance 14th"]
[Site "Port Erin"]
[Date "2005.10.01"]
[Round "8"]
[White "Wademark, Helge"]
[Black "Fairbairn, Stephen"]
[Result "0-1"]
[WhiteElo "2182"]
[BlackElo "2065"]
[PlyCount "66"]
[EventDate "2005.09.24"]
[EventType "swiss"]
[EventRounds "9"]
[EventCountry "IOM"]
[SourceTitle "CBM 108 Extra"]
[Source "ChessBase"]
[SourceDate "2005.11.04"]
[SourceVersion "1"]
[SourceVersionDate "2005.11.04"]
[SourceQuality "1"]

1. e4 d5 2. exd5 Qxd5 3. Nc3 Qa5 4. d4 Nf6 5. Nf3 c6 6. Bd3 Bg4 7. h3 Bh5 8. Bd2 e6 9. Ne4 Qc7 10. Nxf6+ gxf6 11. Qe2 Nd7 12. 0-0-0 0-0-0 13. Kb1 Bd6 14. c4 c5 15. g4 Bg6 16. Ka1 Kb8 17. Bc3 cxd4 18. Nxd4 Bxd3 19. Qxd3 Ne5 20. Qe3 Nxc4 21. Qh6 Be5 22. Rhf1 Qb6 23. Nb3 Bxc3 24. Rxd8+ Rxd8 25. bxc3 Qd6 26. Qxh7 f5 27. Qh6 fxg4 28. hxg4 Qe5 29. Nd4 Rxd4 30. Qf8+ Kc7 31. Rb1 Rd7 32. Qb4 Qd5 33. Qa4 a6 0-1

[Event "Monarch Assurance 14th"]
[Site "Port Erin"]
[Date "2005.09.29"]
[Round "6"]
[White "Wademark, Helge"]
[Black "Heyl, Thomas"]
[Result "1/2-1/2"]
[WhiteElo "2182"]
[BlackElo "2101"]
[PlyCount "94"]
[EventDate "2005.09.24"]
[EventType "swiss"]
[EventRounds "9"]
[EventCountry "IOM"]
[SourceTitle "CBM 108 Extra"]
[Source "ChessBase"]
[SourceDate "2005.11.04"]
[SourceVersion "1"]
[SourceVersionDate "2005.11.04"]
[SourceQuality "1"]

1. e4 c5 2. Nc3 e6 3. g3 Nc6 4. Bg2 a6 5. d3 Qc7 6. f4 d6 7. Nf3 b5 8. 0-0 Bb7 9. f5 e5 10. Nd5 Qd8 11. c3 Nf6 12. Nxf6+ gxf6 13. Be3 Qc7 14. d4 Be7 15. Rf2 Na5 16. Nd2 cxd4 17. cxd4 Rc8 18. Nf1 Nc4 19. b3 Nxe3 20. Nxe3 Qc3 21. Nc2 Bd8 22. Kh1 Bb6 23. Rd2 0-0 24. Qg4+ Kh8 25. Rad1 Rfd8 26. Qh5 Kg7 27. dxe5 Qxe5 28. Ne1 Rc3 29. Nd3 Qe7 30. Re2 Rdc8 31. Nf4 Rc2 32. Qg4+ Kh8 33. Rxc2 Rxc2 34. Nh5 Qf8 35. Nxf6 Qg7 36. Qxg7+ Kxg7 37. Ne8+ Kf8 38. Nxd6 Bc6 39. f6 Bd8 40. Nxb5 Bxf6 41. Nc7 Rxa2 42. Nd5 Be7 43. Rc1 Bd7 44. Nxe7 Kxe7 45. h3 Rb2 46. Rc3 Be6 47. Bf1 Rb1 1/2-1/2